000
00316nam a22001457a 4500
003
SGT
082
_a
615.53
_b
R22P
100
_a
PRABHAKAR, LEELA
245
_a
REVIEW OF PHARMACY
260
_a
DELHI
_b
AITBS PUB.
_c
2022
300
_a
670
650
_a
PHARMACY
653
_a
REVIEW ,PHARMACY
942
_2
ddc
_c
GF BOOKS
999
_c
33226
_d
33226